| 000 | 00604nam a2200193Ia 4500 | ||
|---|---|---|---|
| 005 | 20250508150512.0 | ||
| 008 | 008 250505s9999 xx 000 0 eng d | ||
| 037 | _aTextual | ||
| 040 |
_aFEDL _beng _cFEDL |
||
| 041 |
_aeng _2eng |
||
| 084 |
_a375.73, MIT _qFEDL |
||
| 100 |
_aMeier Arnold R _9139915 |
||
| 245 | 0 | _aPeople of the USA: Their place in the school curriculum | |
| 260 |
_aNew York, USA _bProgressive Education Association _c1942 |
||
| 300 | _a136p. | ||
| 700 |
_a Mitchell Lucy Sprague Boetz Johanna _9756839 |
||
| 942 |
_cTEXL _h375.73, MIT |
||
| 999 |
_c1323938 _d1323938 |
||